| 000 | 00761nas a2200253 4500 | ||
|---|---|---|---|
| 001 | BR9301840 | ||
| 003 | BR-BrBNA | ||
| 005 | 20231205093622.0 | ||
| 007 | ta | ||
| 008 | 230509b bl.|||p| |||| 00| 00por d | ||
| 040 |
_aBR-BrBNA _bpor _cBiblioteca Nacional de Agricultura |
||
| 041 | _a(Pt) | ||
| 072 | _aF40 | ||
| 100 | 1 | _aPinheiro, A.L. | |
| 100 | 1 | _aMaragon, L.C. | |
| 100 | 1 | _aPaiva, G.L.R.M. | |
| 245 | 1 | _aCaracteristicas fenologicas do cedro (Cedrela fissitis Vell.)em Vicosa, Minas Gerais | |
| 650 | _aCedro | ||
| 650 | _aFenologia | ||
| 650 | _aMinas Gerais | ||
| 773 | 0 |
_tBoletim de Pesquisa Florestal (Brazil) _xISSN 0101-1057 _g(Dec 1990), (no. 21) p. 21-26 _wBR9301840 |
|
| 909 |
_a202311 _bLúcia _c55 _dLúcia Elande |
||
| 942 |
_2AGRIS _n0 _cANA |
||
| 999 |
_c139485 _d139485 |
||